|
|
|
|
| LEADER |
00717cam a2200169 7i4500 |
| 001 |
0000141311 |
| 005 |
20100427090000.0 |
| 002 |
0000006392 |
| 090 |
0 |
0 |
|a LP 40 FMSM 2 2008
|
| 100 |
0 |
# |
|a Rozana Abdullah
|
| 245 |
1 |
2 |
|a A study on the mineral contents of Kemaman river estuarine sediment
|c Rozana Abdullah.
|
| 260 |
# |
# |
|a Terengganu:
|b Universiti Malaysia Terengganu,
|c 2008.
|
| 300 |
|
|
|a xiv, 67 p.:
|b ill.;
|c 30 cm..
|
| 502 |
# |
# |
|a Research Report FMSM (Degree of Bachelor of Science - Marine Science) 2008
|
| 520 |
3 |
# |
|a This study was conducted to determine the mineral contents and sediment types of Kemaman river estuarine sediments
|
| 602 |
# |
# |
|a Laporan Projek FMSM 2008
|
| 999 |
|
|
|a 1100061817
|b Book
|c LAPORAN PROJEK
|e KOLEKSI KHAS
|